Warisan seorang pangeran / (Record no. 67315)

MARC details
000 -LEADER
fixed length control field 00565cam a22002051a 4500
001 - CONTROL NUMBER
control field sa 66000567
003 - CONTROL NUMBER IDENTIFIER
control field DLC
005 - DATE AND TIME OF LATEST TRANSACTION
control field 20260227112216.0
008 - FIXED-LENGTH DATA ELEMENTS--GENERAL INFORMATION
fixed length control field 830310s1965 io 000 0 ind
010 ## - LIBRARY OF CONGRESS CONTROL NUMBER
LC control number sa 66000567
025 ## - OVERSEAS ACQUISITION NUMBER
Overseas acquisition number PL480:Indo-2223
035 ## - SYSTEM CONTROL NUMBER
System control number (OCoLC)9297350
040 ## - CATALOGING SOURCE
Original cataloging agency DLC
Transcribing agency OAU
Modifying agency WU
-- DLC
042 ## - AUTHENTICATION CODE
Authentication code premarc
050 00 - LIBRARY OF CONGRESS CALL NUMBER
Classification number PL5089.O27
Item number O4
100 0# - MAIN ENTRY--PERSONAL NAME
Personal name O. K. T.
Fuller form of name (Oey Kim Tiang),
Dates associated with a name 1903-
245 10 - TITLE STATEMENT
Title Warisan seorang pangeran /
Statement of responsibility, etc. dituturkan oleh O.K.T.
260 ## - PUBLICATION, DISTRIBUTION, ETC.
Place of publication, distribution, etc. Djakarta :
Name of publisher, distributor, etc. Saka Widya,
Date of publication, distribution, etc. [1965?]
300 ## - PHYSICAL DESCRIPTION
Extent 5 v. (302 p.) ;
Dimensions 18 cm.

No items available.

Powered by Koha